Равновесие и направленность геологической эволюции системы крепкие рассолы - горные породы; Информационный бюллетень РФФИ; Т. 7, № 5

Detalles Bibliográficos
Parent link:Информационный бюллетень РФФИ
Т. 7, № 5.— 1999.— С. 221
Otros Autores: Шварцев С. Л. Степан Львович, Пономарчук В. А., Букаты М. Б. Михаил Болеславович, Шатилов Е. В.
Sumario:В фонде НТБ ТПУ отсутствует
Lenguaje:ruso
Publicado: 1999
Materias:
Formato: Capítulo de libro
KOHA link:https://koha.lib.tpu.ru/cgi-bin/koha/opac-detail.pl?biblionumber=597897

MARC

LEADER 00000naa0a2200000 4500
001 597897
005 20250217111702.0
035 |a (RuTPU)RU\TPU\tpu\21325 
035 |a RU\TPU\tpu\21324 
090 |a 597897 
100 |a 20120524d1999 k||y0rusy50 ca 
101 0 |a rus 
102 |a RU 
200 1 |a Равновесие и направленность геологической эволюции системы крепкие рассолы - горные породы  |f С. Л. Шварцев [и др.] 
333 |a В фонде НТБ ТПУ отсутствует 
461 |t Информационный бюллетень РФФИ 
463 |t Т. 7, № 5  |v С. 221  |d 1999 
610 1 |a труды учёных ТПУ 
701 1 |a Шварцев  |b С. Л.  |c российский гидрогеолог, доктор геолого-минералогических наук  |c профессор Томского политехнического университета, академик РАЕН  |f 1936-  |g Степан Львович  |3 (RuTPU)RU\TPU\pers\25914 
701 1 |a Пономарчук  |b В. А. 
701 1 |a Букаты  |b М. Б.  |c российский гидрогеолог  |c профессор Томского политехнического университета, доктор геолого-минералогических наук  |f 1950-2010  |g Михаил Болеславович  |3 (RuTPU)RU\TPU\pers\26087 
701 1 |a Шатилов  |b Е. В. 
801 1 |a RU  |b 63413507  |c 20071009  |g PSBO 
801 2 |a RU  |b 63413507  |c 20120524  |g PSBO 
942 |c CR